=LDR 00000nam 2200000 4500 =001 000245 =990 ##$$a TBM202500054 =005 20250710120956 =035 ##$$a 0010-0725000072 =245 1#$$a Agar-Agar Pangeran Mallomo /$c Sabir =100 #$$a Sabir =250 ##$$a Cetakan Pertama =300 ##$$a 36 hlm : $b ilus. ; $c 21 x 29,7 cm =856 ##$$a TBM AS SUHADA =260 ##$$a Jakarta Timur :$b Kementerian Pendidikan, Kebudayaan, Riset, dan Teknologi,$c 2023 =082 ##$$a 398.209 598 =084 ##$$a 398.209 598 SAB a =020 ##$$a 978-623-118-806-9 =600 #4$$a Cerita anak-Indonesia =650 #4$$a Kesusastraan Anak